|
|
|
|
| LEADER |
00000nam0a2200000 4500 |
| 001 |
35383 |
| 005 |
20231030233625.0 |
| 035 |
|
|
|a (RuTPU)RU\TPU\book\35814
|
| 035 |
|
|
|a BOOK00002466
|
| 090 |
|
|
|a 35383
|
| 100 |
|
|
|a 20011210d1968 k y0rusy50 ca
|
| 101 |
0 |
|
|a rus
|
| 102 |
|
|
|a RU
|
| 105 |
|
|
|a a z 001zy
|
| 200 |
1 |
|
|a Ремонт магистральных трубопроводов и оборудования нефтеперекачивающих станций
|f В. Б. Галеев, Е. М. Сощенко, Д. А. Черняев
|
| 205 |
|
|
|a 2-е изд., доп. и перераб.
|
| 210 |
|
|
|a Москва
|c Недра
|d 1968
|
| 215 |
|
|
|a 222 с.
|c ил.
|
| 320 |
|
|
|a Библиогр.: с. 218-220.
|
| 610 |
1 |
|
|a геология
|
| 610 |
1 |
|
|a нефтепроводы
|
| 610 |
1 |
|
|a нефтеперекачивающие станции
|
| 610 |
1 |
|
|a ремонт
|
| 610 |
1 |
|
|a оборудование
|
| 675 |
|
|
|a 665.5.0043
|v 3
|
| 700 |
|
1 |
|a Галеев
|b В. Б.
|g Виль Бареевич
|
| 701 |
|
1 |
|a Сощенко
|b Е. М.
|g Евгений Максимович
|
| 701 |
|
1 |
|a Черняев
|b Д. А.
|g Давыд Александрович
|
| 801 |
|
0 |
|a RU
|b 63413507
|c 20011210
|g PSBO
|
| 801 |
|
2 |
|a RU
|b 63413507
|c 20151203
|g PSBO
|
| 900 |
|
|
|a Сооружение и ремонт газонефтепроводов и хранилищ
|
| 900 |
|
|
|a Эксплуатация и ремонт машин и оборудования нефтяных и газовых промыслов
|
| 900 |
|
|
|a Сооружение и ремонт насосных и компрессорных станций
|
| 942 |
|
|
|c BK
|